000 00558nam a22002177a 4500
003 UA-OsUOA
001 36733
007 ta
008 20060213b un ||||| |||| 00| 0 ukr d
100 _aРешитилова О.
090 _a908
_bР11
942 _cSA
040 _aUA-OsUOA
_bukr
_cUA-OsUOA
_dUA-OsUOA
245 _aОстрозька академія пройшла тест на корумпованість
300 _aС.8
955 _a0
041 _aukr
080 _a908
773 0 _w36731
650 7 _a908 Краєзнавство
_2UDC
999 _c322958
_d322958